000 00285nam a22001337a 4500
008 181105b xxu||||| |||| 00| 0 eng d
020 _a6399
041 _aeng
080 _a541
100 _a12
101 _aKIM
245 _aSolving Problems in Chemistry
_cHimes
942 _2udc
_cBK
999 _c51894
_d51894